Teólogos Reformados - Estadísticas

Estadísticas generales
  • Esta prueba ha sido intentada 8 veces
  • La puntuación promedio es 7 de 30
Estadísticas de respuestas
Hint Respuesta % Correcto
Reformador de Ginebra, autor de Institución de la religión cristiana Juan Calvino
100%
Inició la Reforma con sus 95 tesis en Wittenberg (1517) Martín Lutero
100%
Precursor de la Reforma, quemado en Constanza Jan Hus
33%
Reformador escocés, fundador del presbiterianismo Juan Knox
33%
Reformador suizo contemporáneo de Lutero Ulrico Zuinglio
33%
Fundador de la Universidad Libre de Ámsterdam Abraham Kuyper
17%
Defensor de la inerrancia bíblica en Princeton B. B. Warfield
17%
Teólogo reformado de Princeton Charles Hodge
17%
Erudito del Nuevo Testamento y cofundador de The Gospel Coalition D. A. Carson
17%
Colaborador y teólogo sistematizador de Lutero Felipe Melanchthon
17%
Apologista reformado del siglo XX Francis Schaeffer
17%
Evangelista y reformador del avivamiento George Whitefield
17%
Colaborador de Calvino en Ginebra Guillermo Farel
17%
Teólogo holandés reformado Herman Bavinck
17%
Fundador del seminario Westminster, opositor al liberalismo J. Gresham Machen
17%
Autor de Conocer a Dios J. I. Packer
17%
Autor de El progreso del peregrino John Bunyan
17%
Autor del Libro de los mártires John Foxe
17%
Gran teólogo puritano inglés John Owen
17%
Autor de Desiring God, teólogo del gozo cristiano John Piper
17%
Fundador del bautismo congregacional inglés John Smyth
17%
Precursor de la Reforma inglesa John Wycliffe
17%
Predicador y teólogo del Gran Avivamiento Jonathan Edwards
17%
Teólogo holandes autor de Teología sistemática Louis Berkhof
17%
Fundador de Ligonier Ministries R. C. Sproul
17%
Autor de El pastor reformado Richard Baxter
17%
Teólogo escocés contemporáneo Sinclair Ferguson
17%
Sucesor de Calvino en Ginebra Theodoro de Beza
17%
Pastor y fundador del ministerio City to city Timothy Keller
17%
Traductor de la Biblia al inglés desde los textos originales William Tyndale
17%
No se encontraron pruebas coincidentes
Distribución de puntuación
Porcentaje de gente con cada puntuación
Porcentaje por número respondido
Historial de tus puntuaciones
No has intentado esta prueba.